000 00676nam a2200277Ia 4500
005 20260324142725.0
008 008 260324s9999 xx 000 0 eng d
020 _a9781315075396
037 _aEBOOK
040 _aCRL
040 _beng
040 _cCRL
041 _2eng
041 _aeng
084 _qCRL
100 _aSarah U. Wisseman; Wendell S. Williams
_91213012
245 0 _aAncient Technologies and Archaeological Materials
260 _bTaylor and Francis
260 _c1994
365 _a
365 _b365
856 _uhttp://www.taylorfrancis.com/books/9781315075396
942 _cEBOOK
999 _c1817527
_d1817527